Russell Neuman : la convergencia no es ciencia ficción = Russsell Neuman : convergence is not science-fiction /

En la carrera hacia la convergencia de medios tradicionales, informática y telecomunicaciones, las empresas se esfuerzan por maximizar sus ganancias retrasando la competencia. La apuesta del autor de The Future of the Mass Audience es que ésta es una lucha perdida. La tecnología terminará por impone...

Full description

Bibliographic Details
Main Author: Heredia, Angélica
Other Authors: Marín, Cristóbal
Format: Libro
Language:Spanish
Published: Santiago, Chile Escuela de Periodismo, Pontificia Universidad Católica de Chile 1999
Subjects:
Online Access:texto completo

MARC

LEADER 00000cam a2200000 a 4500
001 000655
003 UAHC_CL
005 20170803115644.0
008 030607b1999 sp g 000 spa
040 |a UAHC_CL  |c UAHC_CL  |d UAHC_CL 
041 |a spaeng 
100 1 |a Heredia, Angélica 
245 1 0 |a Russell Neuman :  |b la convergencia no es ciencia ficción = Russsell Neuman : convergence is not science-fiction /  |c Angélica Heredia y Cristóbal Marín. 
260 |b Escuela de Periodismo, Pontificia Universidad Católica de Chile  |c 1999  |a Santiago, Chile 
300 |a pp. 18-24 
500 |a En: Cuadernos de Información (Escuela de Periodismo, PUC) -- (1999) 
520 |a En la carrera hacia la convergencia de medios tradicionales, informática y telecomunicaciones, las empresas se esfuerzan por maximizar sus ganancias retrasando la competencia. La apuesta del autor de The Future of the Mass Audience es que ésta es una lucha perdida. La tecnología terminará por imponerse. Y el triunfo de la competencia -sobre toda regulación- en las comunicaciones pondrá a disposición de los ciudadanos un espectro fascinante de alternativas donde elegir, «un patio de diversiones intelectual», donde el modelo es internet. 
650 4 |a PERIODISMO  |v PUBLICACIONES PERIODICAS 
653 |a PERIODISMO 
700 1 |a Marín, Cristóbal 
856 |u http://www.per.puc.cl/fcom/publicac/cuaderno/13/13russel.html  |3 texto completo  |y texto completo 
900 |a 079.83 CUA 
942 |c BK 
999 |c 655  |d 655